استخدام شبكة المعلومات الدولية (الانترنت) في ادارة مؤسسات التعليم العالي ... : (Record no. 705)

MARC details
000 -LEADER
fixed length control field 01079nam a2200241 a 4500
001 - CONTROL NUMBER
control field 705
005 - DATE AND TIME OF LATEST TRANSACTION
control field 20221127090014.0
008 - FIXED-LENGTH DATA ELEMENTS--GENERAL INFORMATION
fixed length control field 050920s lsu a | 00000|ara d
020 ## - INTERNATIONAL STANDARD BOOK NUMBER
International Standard Book Number 9960437094
035 ## - SYSTEM CONTROL NUMBER
System control number 718
082 04 - DEWEY DECIMAL CLASSIFICATION NUMBER
Classification number 378.00285
Item number ع846
100 1# - MAIN ENTRY--PERSONAL NAME
Personal name عمر، فدوى بنت فاروق.
245 10 - TITLE STATEMENT
Title استخدام شبكة المعلومات الدولية (الانترنت) في ادارة مؤسسات التعليم العالي ... :
Remainder of title دراسة ميدانية /
Statement of responsibility, etc. فدوى بنت فاروق عمر ؛ اشراف زهير بن احمد الكاظمي.
250 ## - EDITION STATEMENT
Edition statement ط. 1.
260 ## - PUBLICATION, DISTRIBUTION, ETC.
Place of publication, distribution, etc. الرياض :
Name of publisher, distributor, etc. ف. ف. عمر،
Date of publication, distribution, etc. 2003.
300 ## - PHYSICAL DESCRIPTION
Extent 375 ص. :
Other physical details ايض. ؛
Dimensions 24 سم.
500 ## - GENERAL NOTE
General note باخره ملاحق.
502 ## - DISSERTATION NOTE
Dissertation note اصلا اطروحة(دكتوراة) - كلية التربية للبنات - جدة، 1423هـ.
504 ## - BIBLIOGRAPHY, ETC. NOTE
Bibliography, etc. note يتضمن ببليوجرافيا.
650 #4 - SUBJECT ADDED ENTRY--TOPICAL TERM
Topical term or geographic name entry element التعليم العالي
General subdivision تنظيم وادارة.
650 #4 - SUBJECT ADDED ENTRY--TOPICAL TERM
Topical term or geographic name entry element التعليم العالي
General subdivision نظم المعلومات.
650 #4 - SUBJECT ADDED ENTRY--TOPICAL TERM
Topical term or geographic name entry element التعليم بالانترنت.
Holdings
Withdrawn status Lost status Damaged status Not for loan Home library Current library Date acquired Total Checkouts Full call number Barcode Date last seen Copy number Price effective from Koha item type
        CENTRAL CENTRAL 11/27/2022   378.00285 غ846 1000000004052 11/27/2022 C1 11/27/2022 Book